澳门轻轨所有站点 All Macau Light Rail stations - Statistics

General Stats
  • This quiz has been taken 76 times
    34 since last reset
  • The average score is 11 of 15
Answer Stats
线路 站点 % Correct
**线 横琴
97%
氹仔线 妈阁
94%
氹仔线 机场
87%
**线 石排湾
84%
氹仔线 海洋
77%
氹仔线 氹仔码头
77%
换乘站 协和医院
74%
氹仔线 马会
71%
换乘站 莲花
71%
氹仔线 东亚运
68%
氹仔线 路氹西
61%
氹仔线 路氹东
58%
氹仔线 排角
52%
氹仔线 运动场
48%
氹仔线 科大
48%
No matching quizzes found
Score Distribution
Percent of People with Each Score
Percentile by Number Answered
Your Score History
You have not taken this quiz since the last reset